Encyclopédie de l'architecture nouvelle

שמור ב:
מידע ביבליוגרפי
מחבר ראשי: Alberto Sartoris
פורמט: ספר
שפה:Undetermined
יצא לאור: Italy Ulrico Hoepli 1957
נושאים:
תגים: הוספת תג
אין תגיות, היה/י הראשונ/ה לתייג את הרשומה!
Thư viện lưu trữ: Trung tâm Học liệu Trường Đại học Cần Thơ
LEADER 00497nam a2200181Ia 4500
001 CTU_9574
008 210402s9999 xx 000 0 und d
082 |a 724.03 
082 |b S521 
100 |a Alberto Sartoris 
245 0 |a Encyclopédie de l'architecture nouvelle 
245 0 |c Alberto Sartoris 
260 |a Italy 
260 |b Ulrico Hoepli 
260 |c 1957 
650 |a architecture - encyclopedia 
904 |i Minh, 960930 
980 |a Trung tâm Học liệu Trường Đại học Cần Thơ